Statistics for U.S. States by Clues

Click here to take the quiz!

General Stats

  • This quiz has been taken 1,033 times
  • The average score is 29 of 50

Answer Stats

Hints Answer % Correct
basin and range, Area 51, casinosNevada
92%
apples, Cascade Mountains, StarbucksWashington
84%
Panhandle, Gold Coast, EvergladesFlorida
79%
Missouri River, Black Hills, Mt. RushmoreSouth Dakota
78%
Twelve Mile Circle, corporations, First StateDelaware
78%
Straits of Mackinac, Henry Ford, KelloggMichigan
75%
tobacco, Outer Banks, DukeNorth Carolina
73%
Mission Control, yellow rose, cowboysTexas
73%
ocean, newport, smallest stateRhode Island
72%
maple syrup, Green Mountains, Ben and Jerry'sVermont
71%
Stone Mountain, Athens, "...On My Mind"Georgia
69%
boot heel, Hannibal, Gateway ArchMissouri
68%
Nutmeg State, Wealthiest per capita, YaleConnecticut
67%
Arches National Park, Four Corners, Bonneville Salt FlatsUtah
67%
Badlands, Sioux, Angie DickinsonNorth Dakota
66%
My Cousin Vinny, cotton, "Heart of Dixie"Alabama
65%
Most densely populated, Thomas Edison, BoardwalkNew Jersey
63%
Manhattan Project, Carlsbad Caverns, TaosNew Mexico
63%
iron ore, Laura Ingalls, twin citiesMinnesota
62%
dairy, Marquette, CheeseheadsWisconsin
62%
hogs, Sam Walton, Ozark MountainsArkansas
62%
highest mountain, cold, Aleutian IslandAlaska
62%
pelicans, bayous,superdomeLouisiana
62%
French Lick, Notre Dame, 500 mile raceIndiana
62%
Finger Lakes, Catskills, Erie CanalNew York
61%
Dust Bowl, Indian territory, SoonerOklahoma
60%
Custer's last stand, ranching, Glacier National ParkMontana
59%
BBQ, Lookout Mountain, country musicTennessee
58%
Ogalala aquifer, Warren Buffett, cornNebraska
58%
Magnolia, Elvis, sharecroppersMississippi
58%
lobsters, pine trees, Acadia National ParkMaine
57%
Harper's Ferry, coal mining, "Almost Heaven..."West Virginia
57%
volcano, beaches, August 21, 1959Hawaii
56%
Non-rectangular flag, Cuyahoga River, Miami UniversityOhio
55%
Hershey, steel, Liberty Bell,Pennsylvania
55%
Santa Fe Trail, Toto, sunflowersKansas
55%
Delmarva Peninsula, Mason-Dixon Line, Johns-HopkinsMaryland
54%
Clemson, palmetto,first to secedeSouth Carolina
49%
skiing, Lake Winnipesaukee, first primaryNew Hampshire
47%
OK Corral, Navajo, cactusArizona
46%
East and West borders are rivers, corn, WaterlooIowa
45%
Ohio River, Appalachia, "Derby"Kentucky
45%
Berkshires, tea party, HarvardMassachusetts
45%
desert, mountains, oceanCalifornia
42%
Ruby Ridge, Snake River, potatoesIdaho
41%
Ronald Reagan, Champagne, The Blues BrothersIllinois
41%
Robert E. Lee, Blue Ridge Mountains, JamestownVirginia
39%
"trail," Nez Perce, CraterOregon
32%
Sand Dunes National Park, front range, Coors beerColorado
31%
Wind River Canyon, sagebrush, GilletteWyoming
26%

Score Distribution

Percentile by Number Answered

Percent of People with Each Score

Your Score History

You have not taken this quiz